[Event "4NCL Division 2c"]
[Site "Barcelo Hotel, Hinckley Island"]
[Date "2012.05.05"]
[Round "9.41"]
[White "Thomas, Nicholas"]
[Black "Croad, Nicolas"]
[Result "1-0"]
[WhiteElo "2268"]
[BlackElo "2334"]
[PlyCount "55"]
[EventDate "2012.05.05"]
[WhiteTeam "Warwickshire Select 1"]
[BlackTeam "White Rose 2"]

1. e4 c5 2. Nc3 Nc6 3. g3 g6 4. Bg2 Bg7 5. d3 e6 6. Be3 Nd4 7. Nce2 Ne7 8. c3
Nxe2 9. Nxe2 d6 10. d4 cxd4 11. Nxd4 O-O 12. Qd2 a6 13. Bh6 Qc7 14. h4 Nc6 15.
Bxg7 Kxg7 16. Nxc6 bxc6 17. O-O-O d5 18. h5 Kg8 19. Rh4 Qe7 20. e5 Ra7 21. Qh6
Qc5 22. Rdd4 a5 23. Bf1 a4 24. a3 Qb6 25. Bd3 Ba6 26. hxg6 fxg6 27. Bxg6 hxg6
28. Qh8+ 1-0

[Event "4NCL Division 2c"]
[Site "Barcelo Hotel, Hinckley Island"]
[Date "2012.05.05"]
[Round "9.42"]
[White "Gayson, Peter M"]
[Black "Mason, Donald J"]
[Result "1/2-1/2"]
[WhiteElo "2204"]
[BlackElo "2227"]
[PlyCount "44"]
[EventDate "2012.05.05"]
[WhiteTeam "White Rose 2"]
[BlackTeam "Warwickshire Select 1"]

1. e4 e6 2. d4 d5 3. Nd2 Nf6 4. e5 Nfd7 5. Bd3 c5 6. c3 Nc6 7. Ne2 cxd4 8. cxd4
f6 9. exf6 Nxf6 10. Nf3 Bd6 11. O-O Qc7 12. g3 O-O 13. Bf4 Ng4 14. Bxd6 Qxd6
15. Nf4 Rxf4 16. gxf4 Qxf4 17. h3 Nh6 18. Re1 Bd7 19. Ne5 Rf8 20. Qe2 Nxe5 21.
dxe5 Qg5+ 22. Kh2 Qf4+ 1/2-1/2

[Event "4NCL Division 2c"]
[Site "Barcelo Hotel, Hinckley Island"]
[Date "2012.05.05"]
[Round "9.43"]
[White "Pitcher, John"]
[Black "Shaw, Peter"]
[Result "1/2-1/2"]
[WhiteElo "2205"]
[BlackElo "2180"]
[PlyCount "67"]
[EventDate "2012.05.05"]
[WhiteTeam "Warwickshire Select 1"]
[BlackTeam "White Rose 2"]

1. e4 d6 2. d4 Nf6 3. Nc3 c6 4. Nf3 Bg4 5. h3 Bh5 6. Bd3 e6 7. Qe2 d5 8. g4 Bg6
9. g5 Nxe4 10. Nxe4 dxe4 11. Bxe4 Bxe4 12. Qxe4 Qd5 13. Qe2 Nd7 14. Bd2 Nb6 15.
Rg1 Qc4 16. Qxc4 Nxc4 17. Bc3 Nd6 18. O-O-O Ne4 19. Be1 g6 20. h4 h5 21. Ne5
Nd6 22. f3 Nf5 23. Bf2 Bd6 24. Rge1 Rf8 25. Re4 O-O-O 26. c4 Bxe5 27. Rxe5 Rd7
28. Kc2 Rfd8 29. Kc3 b6 30. b4 Kb7 31. a4 a6 32. Re2 Ra8 33. Kb3 Rad8 34. Kc3
1/2-1/2

[Event "4NCL Division 2c"]
[Site "Barcelo Hotel, Hinckley Island"]
[Date "2012.05.05"]
[Round "9.44"]
[White "Arnott, Jonathan W"]
[Black "Hynes, AM (Tony)"]
[Result "0-1"]
[WhiteElo "2191"]
[BlackElo "2187"]
[PlyCount "78"]
[EventDate "2012.05.05"]
[WhiteTeam "White Rose 2"]
[BlackTeam "Warwickshire Select 1"]

1. e4 e5 2. Nf3 Nc6 3. Bb5 a6 4. Bxc6 dxc6 5. O-O f6 6. d4 Bg4 7. dxe5 Qxd1 8.
Rxd1 fxe5 9. Rd3 Bd6 10. Nbd2 Nf6 11. Nc4 O-O 12. Ncxe5 Bxf3 13. Nxf3 Nxe4 14.
Be3 Rae8 15. Rad1 Rf5 16. h3 Ra5 17. a3 Rb5 18. b4 Rf5 19. c4 c5 20. bxc5 Nxc5
21. Rd5 Rxd5 22. Rxd5 b6 23. Nd4 g6 24. Kf1 Nd7 25. Nc2 Re4 26. Bd4 Kf7 27. f3
Re6 28. Nb4 c5 29. Nc6 cxd4 30. Nd8+ Ke7 31. Nxe6 Kxe6 32. Rxd4 Bxa3 33. Rh4
Nf6 34. Ke2 Bc5 35. f4 a5 36. g4 a4 37. Kd3 a3 38. Kc2 Bf2 39. Rh6 Be3 0-1

[Event "4NCL Division 2c"]
[Site "Barcelo Hotel, Hinckley Island"]
[Date "2012.05.05"]
[Round "9.45"]
[White "Stepanyan, Henrik"]
[Black "Burnett, Jim"]
[Result "1/2-1/2"]
[WhiteElo "1942"]
[BlackElo "2136"]
[PlyCount "30"]
[EventDate "2012.05.05"]
[WhiteTeam "Warwickshire Select 1"]
[BlackTeam "White Rose 2"]

1. c4 e6 2. Nc3 d5 3. d4 c6 4. e3 Nf6 5. Nf3 Nbd7 6. Bd3 dxc4 7. Bxc4 b5 8. Bd3
a6 9. Ne4 c5 10. dxc5 Nxc5 11. Nxc5 Bxc5 12. O-O Bb7 13. Qe2 O-O 14. Rd1 Qb6
15. b3 Be4 1/2-1/2

[Event "4NCL Division 2c"]
[Site "Barcelo Hotel, Hinckley Island"]
[Date "2012.05.05"]
[Round "9.46"]
[White "O'Driscoll, Kieran"]
[Black "Shephard, Chris CW"]
[Result "1/2-1/2"]
[WhiteElo "2104"]
[BlackElo "2161"]
[PlyCount "23"]
[EventDate "2012.05.05"]
[WhiteTeam "White Rose 2"]
[BlackTeam "Warwickshire Select 1"]

1. d4 Nf6 2. c4 c5 3. Nf3 cxd4 4. Nxd4 b6 5. Nc3 Bb7 6. f3 d6 7. e4 a6 8. Be3
e6 9. Qd2 Be7 10. Be2 Qc7 11. O-O O-O 12. a4 1/2-1/2

[Event "4NCL Division 2c"]
[Site "Barcelo Hotel, Hinckley Island"]
[Date "2012.05.05"]
[Round "9.47"]
[White "Lam, Paul GM"]
[Black "Lewyk, Ihor"]
[Result "1-0"]
[WhiteElo "2117"]
[BlackElo "2091"]
[PlyCount "91"]
[EventDate "2012.05.05"]
[WhiteTeam "Warwickshire Select 1"]
[BlackTeam "White Rose 2"]

1. e4 d5 2. exd5 Nf6 3. Nf3 Nxd5 4. d4 Bg4 5. Be2 Nc6 6. O-O e6 7. b3 Be7 8. c4
Nb6 9. Be3 O-O 10. Nc3 Re8 11. Qd2 Bf5 12. a3 Bf6 13. Rad1 Qe7 14. b4 Rad8 15.
Qc1 Bg6 16. d5 exd5 17. cxd5 Ne5 18. Bc5 Nxf3+ 19. Bxf3 Qd7 20. d6 c6 21. Bxb6
axb6 22. Na4 Be4 23. Nxb6 Qf5 24. Bxe4 Rxe4 25. Nc4 Qe6 26. Na5 Rd7 27. Rde1
Kf8 28. Qb1 Rxe1 29. Rxe1 Qxd6 30. Qxh7 g6 31. Qh6+ Bg7 32. Qe3 Kg8 33. g3 Bf6
34. Nc4 Qd3 35. Qxd3 Rxd3 36. Re3 Rd4 37. Na5 Rd7 38. Re8+ Kg7 39. Rb8 Bb2 40.
Nc4 Bd4 41. Na5 Bb2 42. a4 Bc3 43. Rxb7 Rd1+ 44. Kg2 c5 45. Nb3 Rb1 46. bxc5
1-0

[Event "4NCL Division 2c"]
[Site "Barcelo Hotel, Hinckley Island"]
[Date "2012.05.05"]
[Round "9.48"]
[White "Weller, Pierre"]
[Black "Baruch, Andrew JD"]
[Result "0-1"]
[WhiteElo "1987"]
[BlackElo "2085"]
[PlyCount "90"]
[EventDate "2012.05.05"]
[WhiteTeam "White Rose 2"]
[BlackTeam "Warwickshire Select 1"]

1. d4 g6 2. e4 Bg7 3. Nc3 d6 4. Be3 a6 5. Qd2 b5 6. a4 b4 7. Nce2 Bb7 8. Ng3 c5
9. Nf3 Nd7 10. c3 Ngf6 11. Bd3 bxc3 12. bxc3 O-O 13. O-O Qc7 14. Qa2 e5 15.
dxe5 dxe5 16. Nd2 Ng4 17. Nc4 Nxe3 18. Nxe3 Bh6 19. Nc4 Nf6 20. Rab1 Rad8 21.
Rfd1 Rd7 22. f3 Rfd8 23. Be2 Bc8 24. Rxd7 Rxd7 25. Nb6 Rd2 26. Qc4 Be6 27. Qxa6
c4 28. Qb5 Nh5 29. Nxh5 gxh5 30. Bxc4 Be3+ 31. Kh1 Qxb6 32. Qxb6 Bxb6 33. Bxe6
fxe6 34. g4 Ba5 35. gxh5 Bxc3 36. Rb8+ Kg7 37. Re8 Kh6 38. Rxe6+ Kxh5 39. Rc6
Bd4 40. a5 Ra2 41. a6 Kg5 42. Rd6 h5 43. Rc6 h4 44. a7 h3 45. f4+ exf4 0-1

[Event "4NCL Division 2d"]
[Site "Barcelo Hotel, Hinckley Island"]
[Date "2012.05.05"]
[Round "9.11"]
[White "Sanders, Isaac B"]
[Black "Walton, Alan J"]
[Result "1/2-1/2"]
[WhiteElo "2103"]
[BlackElo "2159"]
[PlyCount "65"]
[EventDate "2012.05.05"]
[WhiteTeam "Barbican Youth"]
[BlackTeam "3Cs 1"]

1. d4 d5 2. c4 c6 3. Nf3 Nf6 4. Nc3 e6 5. Bg5 h6 6. Bxf6 Qxf6 7. e3 Bd6 8. Bd3
O-O 9. O-O Nd7 10. e4 dxc4 11. e5 Qd8 12. Bxc4 Be7 13. Qe2 Nb6 14. Bd3 Nd5 15.
Qe4 f5 16. exf6 Nxf6 17. Qg6 Qe8 18. Qxe8 Rxe8 19. Rfe1 Nd5 20. Nxd5 cxd5 21.
Rac1 Bd6 22. Ne5 Rf8 23. g3 Rb8 24. h4 Bb4 25. Re2 Ba5 26. Rec2 Bb6 27. Ng6 Bd7
28. Nxf8 Rxf8 29. Rd2 Bxd4 30. Ba6 Bb6 31. Bxb7 d4 32. Bc6 Rc8 33. Bxd7 1/2-1/2

[Event "4NCL Division 2d"]
[Site "Barcelo Hotel, Hinckley Island"]
[Date "2012.05.05"]
[Round "9.12"]
[White "Jaunooby, Ali Reza"]
[Black "Coleman, David J"]
[Result "0-1"]
[WhiteElo "2189"]
[BlackElo "2238"]
[PlyCount "164"]
[EventDate "2012.05.05"]
[WhiteTeam "3Cs 1"]
[BlackTeam "Barbican Youth"]

1. d4 Nf6 2. c4 Nc6 3. Nf3 e6 4. a3 d6 5. Nc3 g6 6. d5 Ne7 7. e4 Bg7 8. h3 O-O
9. Be3 a6 10. Qd2 exd5 11. cxd5 Re8 12. Bd3 b5 13. O-O Bb7 14. Rad1 Qd7 15. Bc2
Rad8 16. Bf4 Qc8 17. Rfe1 Qa8 18. Qc1 Nc8 19. Nd4 Ne7 20. Nb3 Qc8 21. a4 bxa4
22. Na5 Ba8 23. Bxa4 Rf8 24. Qc2 Nd7 25. Bg5 f6 26. Bh4 Nb6 27. Bb3 Rde8 28. f4
Kh8 29. Qd3 Nd7 30. Bc4 Qb8 31. Nb3 Bb7 32. Ne2 Nb6 33. Ned4 Na4 34. Qc2 Bc8
35. Na5 Nc5 36. e5 fxe5 37. Bxe7 Rxe7 38. Nac6 Qb6 39. Kh1 Ree8 40. fxe5 Bxe5
41. Nxe5 dxe5 42. Nc6 Bf5 43. Qe2 a5 44. Qe3 Ne4 45. Ra1 Nd6 46. b3 Be4 47.
Rxa5 Rf2 48. Qxb6 cxb6 49. Ra6 Rb2 50. Rxb6 Bxg2+ 51. Kg1 Nxc4 52. bxc4 Rxb6
53. Nxe5 Rxe5 54. Rxe5 Bxh3 55. c5 Rb2 56. Re3 Bf5 57. Re7 Rc2 58. c6 Rc5 59.
d6 Rxc6 60. d7 Bxd7 61. Rxd7 Rf6 62. Kg2 Kg8 63. Kg3 Rf7 64. Rd6 Kg7 65. Kg4
h5+ 66. Kg5 Rf5+ 67. Kh4 Rf4+ 68. Kg3 Rf5 69. Ra6 Kh6 70. Ra8 Kg5 71. Ra3 h4+
72. Kh3 Kh5 73. Rb3 g5 74. Rb4 Rc5 75. Ra4 Rc3+ 76. Kg2 Rc2+ 77. Kf3 g4+ 78.
Kf4 Rf2+ 79. Ke3 Rf3+ 80. Ke2 h3 81. Ra8 Kh4 82. Ra1 h2 0-1

[Event "4NCL Division 2d"]
[Site "Barcelo Hotel, Hinckley Island"]
[Date "2012.05.05"]
[Round "9.14"]
[White "Adams, Philip"]
[Black "Brett, Andrew R"]
[Result "0-1"]
[WhiteElo "2097"]
[BlackElo "2087"]
[PlyCount "67"]
[EventDate "2012.05.05"]
[WhiteTeam "3Cs 1"]
[BlackTeam "Barbican Youth"]

1. e4 e5 2. Nf3 Nc6 3. Bc4 Bc5 4. c3 Nf6 5. d3 O-O 6. O-O d5 7. exd5 Nxd5 8. b4
Be7 9. b5 Na5 10. Bxd5 Qxd5 11. c4 Qd8 12. Bd2 c6 13. Nxe5 cxb5 14. cxb5 Bf6
15. Re1 a6 16. bxa6 Rxa6 17. Bc3 Be6 18. Nd2 Qd5 19. Ndf3 Rc8 20. Bb2 Rb6 21.
Qd2 Be7 22. Bc3 Nc6 23. Nc4 Ra6 24. a4 Rd8 25. Red1 f6 26. a5 Qh5 27. Qf4 Qf7
28. Ne3 Bd6 29. Qh4 Bf8 30. h3 h6 31. Ng4 Rd5 32. Qg3 Kh8 33. Ne3 Bd6 34. Qh4
0-1

[Event "4NCL Division 2d"]
[Site "Barcelo Hotel, Hinckley Island"]
[Date "2012.05.05"]
[Round "9.15"]
[White "Smith, Ivor BN"]
[Black "Whitehead, David J"]
[Result "1/2-1/2"]
[WhiteElo "2148"]
[BlackElo "2049"]
[PlyCount "43"]
[EventDate "2012.05.05"]
[WhiteTeam "Barbican Youth"]
[BlackTeam "3Cs 1"]

1. e4 c5 2. d4 cxd4 3. c3 dxc3 4. Nxc3 Nc6 5. Nf3 d6 6. Bc4 a6 7. Bg5 h6 8. Qb3
Be6 9. Bxe6 fxe6 10. Be3 Nf6 11. Qxe6 Qd7 12. Qxd7+ Nxd7 13. Ke2 g5 14. Nd4 Kf7
15. Rac1 Bg7 16. Nf5 Be5 17. Rcd1 Nf6 18. h4 Bxc3 19. bxc3 Nxe4 20. Kd3 Nc5+
21. Kc2 Ne6 22. hxg5 1/2-1/2

[Event "4NCL Division 2d"]
[Site "Barcelo Hotel, Hinckley Island"]
[Date "2012.05.05"]
[Round "9.16"]
[White "Horton, Jamie A"]
[Black "Cumming, Rhys"]
[Result "1/2-1/2"]
[WhiteElo "1999"]
[BlackElo "2010"]
[PlyCount "94"]
[EventDate "2012.05.05"]
[WhiteTeam "3Cs 1"]
[BlackTeam "Barbican Youth"]

1. e4 c5 2. Nc3 g6 3. f4 Bg7 4. Nf3 Nc6 5. Bb5 Nd4 6. O-O Nxb5 7. Nxb5 d5 8.
exd5 a6 9. Nc3 Nf6 10. d4 c4 11. Qe2 Nxd5 12. Qxc4 Be6 13. Qe2 Rc8 14. Qd2 Nxc3
15. bxc3 Qa5 16. Bb2 O-O 17. Rfe1 Rfd8 18. Kh1 Bf6 19. Ne5 Bf5 20. a4 Rd5 21.
Qe2 Bxe5 22. fxe5 Rd7 23. c4 Qb4 24. c3 Qxc4 25. Qxc4 Rxc4 26. a5 e6 27. Re3
Rd5 28. Kg1 Rb5 29. Re2 Rc7 30. Kf2 Bd3 31. Rd2 Bc4 32. Ke3 Rd7 33. Ra4 Rc7 34.
g3 Bb3 35. Rb4 Rxb4 36. cxb4 Bd5 37. Rd3 Rc4 38. Bc3 Bc6 39. Bd2 Rc2 40. Rc3
Rb2 41. Ra3 Rb1 42. h4 h6 43. Rc3 Kg7 44. Rc1 Rxc1 45. Bxc1 g5 46. hxg5 hxg5
47. g4 Kg6 1/2-1/2

[Event "4NCL Division 2d"]
[Site "Barcelo Hotel, Hinckley Island"]
[Date "2012.05.05"]
[Round "9.17"]
[White "Stewart, Ashley"]
[Black "Burton, Graham P"]
[Result "1-0"]
[WhiteElo "2011"]
[BlackElo "2055"]
[PlyCount "85"]
[EventDate "2012.05.05"]
[WhiteTeam "Barbican Youth"]
[BlackTeam "3Cs 1"]

1. c4 e5 2. g3 Nc6 3. Bg2 g6 4. Nc3 Bg7 5. d3 d6 6. Nf3 Nge7 7. O-O O-O 8. Rb1
a6 9. Nd2 Rb8 10. b4 h6 11. a4 a5 12. bxa5 Nxa5 13. Ba3 Be6 14. Nd5 b6 15. Qc2
Nec6 16. Ne4 Nd4 17. Qa2 f5 18. Nec3 c6 19. e3 Ndb3 20. Nb4 Nc5 21. Nxc6 Nxc6
22. Bxc6 Nxd3 23. Nb5 Rc8 24. Bd5 Bxd5 25. cxd5 Nc5 26. Na7 Ra8 27. Nc6 Qc7 28.
Bxc5 bxc5 29. a5 f4 30. exf4 exf4 31. f3 fxg3 32. hxg3 Qd7 33. Kg2 g5 34. Qe2
Rae8 35. Qd3 Qf7 36. a6 Bd4 37. Rb7 Qf5 38. Qxf5 Rxf5 39. Ne7+ Rxe7 40. Rxe7 c4
41. a7 Rf8 42. Rb1 c3 43. Rb8 1-0

[Event "4NCL Division 2d"]
[Site "Barcelo Hotel, Hinckley Island"]
[Date "2012.05.05"]
[Round "9.21"]
[White "Tippleston, Charles E"]
[Black "Richmond, Peter A"]
[Result "1/2-1/2"]
[WhiteElo "2150"]
[BlackElo "2228"]
[PlyCount "73"]
[EventDate "2012.05.05"]
[WhiteTeam "FCA Solutions 1"]
[BlackTeam "Brown Jack"]

1. e4 g6 2. d4 Bg7 3. Nc3 c5 4. d5 e5 5. g3 d6 6. h4 a6 7. h5 b5 8. a4 b4 9.
Nb1 g5 10. Bh3 h6 11. Bxc8 Qxc8 12. g4 Ra7 13. Nd2 c4 14. Nf1 Ne7 15. Ne3 Nd7
16. Ne2 a5 17. Ng3 O-O 18. Nef5 Nxf5 19. Nxf5 Qc7 20. Qe2 Rb7 21. O-O Nb6 22.
Be3 Nc8 23. b3 c3 24. Qa6 Rd8 25. Kg2 Bf8 26. f3 Ne7 27. Ng3 Rbb8 28. Rfe1 Ra8
29. Qe2 Kh7 30. Bg1 Rd7 31. Nf1 Nc8 32. Ne3 Be7 33. Rad1 Bd8 34. Nf5 Ne7 35.
Ne3 Nc8 36. Nf5 Ne7 37. Ne3 1/2-1/2

[Event "4NCL Division 2d"]
[Site "Barcelo Hotel, Hinckley Island"]
[Date "2012.05.05"]
[Round "9.22"]
[White "Hall, Daniel J"]
[Black "Brown, Alan M"]
[Result "1/2-1/2"]
[WhiteElo "2120"]
[BlackElo "2135"]
[PlyCount "53"]
[EventDate "2012.05.05"]
[WhiteTeam "Brown Jack"]
[BlackTeam "FCA Solutions 1"]

1. e4 e6 2. d4 d5 3. Nc3 Bb4 4. e5 b6 5. Bd2 Ba6 6. Bxa6 Nxa6 7. Qg4 Bf8 8.
Nge2 Ne7 9. Bg5 Qd7 10. Bxe7 Qxe7 11. O-O h5 12. Qg3 g6 13. Nb5 Qd7 14. c4 dxc4
15. Qf3 Qd5 16. Qf6 Qxb5 17. Qxh8 Qxb2 18. Ng3 Nb4 19. Ne4 Nd5 20. Rad1 Rd8 21.
Qg8 Qa3 22. Rfe1 Qe7 23. Rc1 Qb4 24. Ng5 Qe7 25. Ne4 Qb4 26. Ng5 Qe7 27. Ne4
1/2-1/2

[Event "4NCL Division 2d"]
[Site "Barcelo Hotel, Hinckley Island"]
[Date "2012.05.05"]
[Round "9.23"]
[White "Habershon, Paul F"]
[Black "Girdlestone, Paul C"]
[Result "1-0"]
[WhiteElo "2122"]
[BlackElo "2191"]
[PlyCount "45"]
[EventDate "2012.05.05"]
[WhiteTeam "FCA Solutions 1"]
[BlackTeam "Brown Jack"]

1. e4 e5 2. Nf3 Nc6 3. d4 exd4 4. Nxd4 Qh4 5. Nb5 Bb4+ 6. Bd2 Qxe4+ 7. Be2 Qxg2
8. Bf3 Qh3 9. Nxc7+ Kd8 10. Nxa8 Nf6 11. Bxb4 Nxb4 12. Na3 Re8+ 13. Kd2 Qh4 14.
Kc1 d5 15. Qd2 Re5 16. Nb5 Nc6 17. a4 Rf5 18. Ra3 a6 19. Nd6 Rxf3 20. Rxf3 Be6
21. Qf4 Qxf4+ 22. Rxf4 Kd7 23. Nxb7 1-0

[Event "4NCL Division 2d"]
[Site "Barcelo Hotel, Hinckley Island"]
[Date "2012.05.05"]
[Round "9.24"]
[White "Truran, Michael C"]
[Black "Williamson, Kevin J"]
[Result "1-0"]
[WhiteElo "2195"]
[BlackElo "2083"]
[PlyCount "67"]
[EventDate "2012.05.05"]
[WhiteTeam "Brown Jack"]
[BlackTeam "FCA Solutions 1"]

1. d4 d5 2. c4 Nc6 3. Nf3 Bg4 4. cxd5 Bxf3 5. dxc6 Bxc6 6. Nc3 e6 7. e4 Bb4 8.
f3 Qh4+ 9. g3 Qh5 10. Bg2 O-O-O 11. Be3 f5 12. Qb3 Bxc3+ 13. bxc3 Re8 14. O-O
Nf6 15. e5 Nd5 16. Bf2 f4 17. c4 fxg3 18. hxg3 Ne7 19. Rad1 Rhf8 20. d5 exd5
21. cxd5 Bxd5 22. Rxd5 Nxd5 23. Qxd5 Qxe5 24. Qb3 b6 25. f4 Qh5 26. Qa4 a5 27.
Qc6 Rf6 28. Qb7+ Kd8 29. Rc1 c5 30. Bf3 Qg6 31. Rd1+ Rd6 32. Qxb6+ Kd7 33. Qc6+
Ke7 34. Qc7+ 1-0

[Event "4NCL Division 2d"]
[Site "Barcelo Hotel, Hinckley Island"]
[Date "2012.05.05"]
[Round "9.25"]
[White "Smith, Graham M"]
[Black "Richmond, Jane"]
[Result "1/2-1/2"]
[WhiteElo "2069"]
[BlackElo "2074"]
[PlyCount "60"]
[EventDate "2012.05.05"]
[WhiteTeam "FCA Solutions 1"]
[BlackTeam "Brown Jack"]

1. Nf3 Nf6 2. c4 e6 3. g3 d5 4. Bg2 Be7 5. O-O O-O 6. d4 c5 7. cxd5 exd5 8. Nc3
Nc6 9. b3 Ne4 10. Nxe4 dxe4 11. Ne5 Qd5 12. Nxc6 Qxc6 13. d5 Qg6 14. Qc2 f5 15.
Bf4 Bd6 16. Qd2 b6 17. f3 Bxf4 18. Qxf4 Ba6 19. fxe4 fxe4 20. Qxe4 Qxe4 21.
Bxe4 Bxe2 22. Rf2 Bh5 23. Raf1 Rxf2 24. Rxf2 Bg6 25. Bg2 Rd8 26. Re2 Kf8 27.
Kf2 Bf7 28. Re5 Re8 29. Rf5 Rd8 30. Re5 Re8 1/2-1/2

[Event "4NCL Division 2d"]
[Site "Barcelo Hotel, Hinckley Island"]
[Date "2012.05.05"]
[Round "9.26"]
[White "Bourne, Johnathan D"]
[Black "Malhotra, Tarun"]
[Result "1/2-1/2"]
[WhiteElo "2081"]
[BlackElo "1982"]
[PlyCount "66"]
[EventDate "2012.05.05"]
[WhiteTeam "Brown Jack"]
[BlackTeam "FCA Solutions 1"]

1. d4 f5 2. Nc3 d5 3. Bg5 g6 4. e3 Bg7 5. h4 c6 6. Bd3 Qb6 7. Nge2 e5 8. dxe5
Bxe5 9. h5 Qxb2 10. Rb1 Qa3 11. Rb3 Qd6 12. hxg6 hxg6 13. Rxh8 Bxh8 14. Bf4 Qe7
15. Kd2 Nd7 16. g4 Nc5 17. Rb1 Ne4+ 18. Bxe4 dxe4 19. Qh1 Bxc3+ 20. Nxc3 Be6
21. gxf5 O-O-O+ 22. Ke2 Bc4+ 23. Ke1 gxf5 24. Qh5 Qe6 25. Qh7 Ne7 26. Rb4 Ba6
27. Bg5 Qe5 28. Rd4 Rxd4 29. exd4 Qxd4 30. Qxe7 Qxc3+ 31. Kd1 Qd4+ 32. Kc1 Qa1+
33. Kd2 Qd4+ 1/2-1/2

[Event "4NCL Division 2d"]
[Site "Barcelo Hotel, Hinckley Island"]
[Date "2012.05.05"]
[Round "9.27"]
[White "Reuben, Stewart"]
[Black "Rabbitt, Michael"]
[Result "1/2-1/2"]
[WhiteElo "2115"]
[BlackElo "2025"]
[PlyCount "98"]
[EventDate "2012.05.05"]
[WhiteTeam "FCA Solutions 1"]
[BlackTeam "Brown Jack"]

1. c4 Nf6 2. g3 c6 3. b3 d5 4. Bb2 Bf5 5. Nf3 e6 6. Bg2 Be7 7. d3 h6 8. Nbd2
O-O 9. O-O Nbd7 10. Nd4 Bh7 11. e4 dxe4 12. dxe4 Qb6 13. e5 Nxe5 14. Nxe6 Nd3
15. Bxf6 Bxf6 16. Nxf8 Rxf8 17. Ne4 Bxa1 18. Qxa1 Re8 19. Qc3 Bxe4 20. Bxe4
Nxf2 21. Rxf2 Rxe4 22. c5 Qd8 23. Rxf7 Kxf7 24. Qf3+ Qf6 25. Qxe4 Qa1+ 26. Kg2
Qxa2+ 27. Kg1 Qa1+ 28. Kg2 Qb2+ 29. Kh3 Qxb3 30. Qf4+ Kg8 31. Qb8+ Kh7 32. Qxa7
Qd5 33. Qa3 h5 34. Qb4 Kg6 35. Qc3 Kf7 36. Kh4 g6 37. Qc2 Qe6 38. Kg5 Qg4+ 39.
Kh6 h4 40. Qf2+ Qf5 41. Qa2+ Ke7 42. Qa7 Kf6 43. Qa1+ Ke6 44. Qa2+ Ke5 45. gxh4
Kd4 46. Qb2+ Kxc5 47. Qxb7 Qh5+ 48. Kg7 Qxh4 49. Qa7+ Kd6 1/2-1/2

[Event "4NCL Division 2d"]
[Site "Barcelo Hotel, Hinckley Island"]
[Date "2012.05.05"]
[Round "9.32"]
[White "Brown, Tom"]
[Black "Williams, Winston"]
[Result "0-1"]
[WhiteElo "2082"]
[BlackElo "2181"]
[PlyCount "76"]
[EventDate "2012.05.05"]
[WhiteTeam "Rhyfelwyr Essyllwg"]
[BlackTeam "Bradford DCA Knights A"]

1. e4 c6 2. d4 d5 3. exd5 cxd5 4. c4 Nf6 5. Nc3 Nc6 6. Nf3 Bg4 7. cxd5 Nxd5 8.
Qb3 Bxf3 9. gxf3 Nb6 10. Be3 e6 11. d5 exd5 12. O-O-O Be7 13. Nxd5 Nxd5 14.
Rxd5 Qc7 15. Kb1 O-O 16. Be2 Rad8 17. h4 Rxd5 18. Qxd5 Qd6 19. Qxd6 Bxd6 20.
Rd1 Rd8 21. Bb5 Bb8 22. Rxd8+ Nxd8 23. Kc2 b6 24. Kd3 Kf8 25. Ke4 Ke7 26. Kd5
Ne6 27. Ba4 Kd8 28. Bc2 g6 29. Kc6 Kc8 30. Bb3 Nd8+ 31. Kb5 Be5 32. Bc1 Kc7 33.
Bd5 Ne6 34. Bxe6 fxe6 35. Ka6 Kb8 36. b3 h5 37. Be3 Ka8 38. Bd2 Bf6 0-1

[Event "4NCL Division 2d"]
[Site "Barcelo Hotel, Hinckley Island"]
[Date "2012.05.05"]
[Round "9.33"]
[White "Hackner, Oskar A"]
[Black "Spice, Alan P"]
[Result "1-0"]
[WhiteElo "1987"]
[BlackElo "2129"]
[PlyCount "47"]
[EventDate "2012.05.05"]
[WhiteTeam "Bradford DCA Knights A"]
[BlackTeam "Rhyfelwyr Essyllwg"]

1. d4 d5 2. c4 dxc4 3. e4 Nf6 4. e5 Nd5 5. Bxc4 c6 6. Nc3 e6 7. Nf3 Be7 8. O-O
Nd7 9. Re1 O-O 10. Qd3 b6 11. Qe4 Re8 12. Bd3 Nf8 13. Qg4 Nxc3 14. bxc3 Bb7 15.
h4 c5 16. Bh6 g6 17. h5 Qc7 18. Ng5 Rad8 19. Nxh7 Kxh7 20. Bxf8 Bxf8 21. hxg6+
Kg8 22. gxf7+ Kxf7 23. Qg6+ Ke7 24. Qh7+ 1-0

[Event "4NCL Division 2d"]
[Site "Barcelo Hotel, Hinckley Island"]
[Date "2012.05.05"]
[Round "9.34"]
[White "Trevelyan, John"]
[Black "Bak, Andrew"]
[Result "1-0"]
[WhiteElo "2120"]
[BlackElo "2027"]
[PlyCount "127"]
[EventDate "2012.05.05"]
[WhiteTeam "Rhyfelwyr Essyllwg"]
[BlackTeam "Bradford DCA Knights A"]

1. d4 f5 2. c4 e6 3. Nc3 Nf6 4. g3 Be7 5. Bg2 d6 6. Nf3 O-O 7. O-O Ne4 8. Qc2
Nxc3 9. Qxc3 a5 10. Re1 Nc6 11. b3 Bf6 12. Bb2 e5 13. dxe5 dxe5 14. Rad1 Qe8
15. e4 f4 16. gxf4 exf4 17. e5 Be7 18. a3 Bg4 19. Rd3 Qg6 20. Kh1 Bc5 21. Nh4
Qh6 22. Bxc6 bxc6 23. e6 Be7 24. Ng2 Bf6 25. Qd2 Rae8 26. Bxf6 Qxf6 27. Qxa5
Rxe6 28. Qxc7 Rxe1+ 29. Nxe1 Qe6 30. Qa5 Qe2 31. Kg2 Re8 32. Rd8 h5 33. Rxe8+
Qxe8 34. Qd2 Qe4+ 35. f3 Qf5 36. fxg4 hxg4 37. Qe2 f3+ 38. Nxf3 gxf3+ 39. Qxf3
Qc2+ 40. Kg3 Qb2 41. a4 Qe5+ 42. Kg2 Qc5 43. h3 Qg5+ 44. Qg4 Qd2+ 45. Kf3 Qd3+
46. Kf4 Qxb3 47. Qe6+ Kh8 48. a5 Qb7 49. Qe8+ Kh7 50. Qh5+ Kg8 51. Qc5 Qf7+ 52.
Ke3 Qf1 53. Qxc6 Qxh3+ 54. Kd4 Qh4+ 55. Kc5 Qe7+ 56. Kb5 g5 57. a6 Qe3 58. Qc5
Qe8+ 59. Kb6 Qb8+ 60. Ka5 Qd8+ 61. Kb5 Qe8+ 62. Qc6 Qb8+ 63. Ka4 Qb1 64. Qc8+
1-0

[Event "4NCL Division 2d"]
[Site "Barcelo Hotel, Hinckley Island"]
[Date "2012.05.05"]
[Round "9.35"]
[White "Nicholson, Jim WR"]
[Black "Davies, Matthew"]
[Result "1-0"]
[WhiteElo "1990"]
[BlackElo "1982"]
[PlyCount "93"]
[EventDate "2012.05.05"]
[WhiteTeam "Bradford DCA Knights A"]
[BlackTeam "Rhyfelwyr Essyllwg"]

1. d4 d5 2. Nf3 Nf6 3. e3 Bf5 4. c4 c6 5. Nc3 e6 6. Bd3 Bxd3 7. Qxd3 Nbd7 8.
O-O Be7 9. b3 O-O 10. Bb2 Qc7 11. Rac1 Rad8 12. Rfd1 Rfe8 13. Nd2 Qa5 14. f4
Bf8 15. c5 g6 16. a3 Bg7 17. Ne2 Qc7 18. h3 Re7 19. Kh1 Rf8 20. g4 Ne8 21. g5
Bh8 22. Rg1 f6 23. gxf6 Ndxf6 24. Ng3 Ng7 25. Rg2 Kf7 26. Bc3 Nf5 27. Rcg1 Ke8
28. b4 a6 29. a4 Nh4 30. Rf2 Nf5 31. Rfg2 Nh4 32. Re2 Nf5 33. b5 axb5 34. axb5
Bg7 35. Nxf5 exf5 36. Nf3 Ne4 37. Bb4 Bf6 38. Ra2 Kf7 39. Ne5+ Bxe5 40. dxe5
Ree8 41. Rga1 Ra8 42. Qd4 Rxa2 43. Rxa2 Qe7 44. Be1 Rc8 45. Ra7 Rc7 46. bxc6
bxc6 47. e6+ 1-0

[Event "4NCL Division 2d"]
[Site "Barcelo Hotel, Hinckley Island"]
[Date "2012.05.05"]
[Round "9.37"]
[White "Edwards-Wright, Miles D"]
[Black "Reid, Vaness"]
[Result "0-1"]
[WhiteElo "1995"]
[BlackElo "1837"]
[PlyCount "58"]
[EventDate "2012.05.05"]
[WhiteTeam "Bradford DCA Knights A"]
[BlackTeam "Rhyfelwyr Essyllwg"]

1. e4 c6 2. d4 d5 3. e5 Bf5 4. Ne2 e6 5. Ng3 Bg6 6. h4 h6 7. h5 Bh7 8. Bd3 Bxd3
9. cxd3 c5 10. dxc5 Bxc5 11. d4 Bb6 12. Nc3 Nc6 13. Be3 f5 14. Nge2 Qd7 15. Nf4
Nge7 16. Rc1 Ba5 17. a3 Bxc3+ 18. Rxc3 O-O 19. g4 fxg4 20. Qxg4 Nf5 21. Ng6 Rf7
22. Rg1 Nxe3 23. fxe3 Ne7 24. Nxe7+ Qxe7 25. e4 Rd8 26. exd5 Rxd5 27. Rc8+ Rd8
28. Rxd8+ Qxd8 29. Qxe6 Qh4+ 0-1